Normal view
MARC view
- إعداد ، نخبة من المتخصصين والخبراء ، تقديم سرور ، أحمد فتحي
Entry Personal Name
001 - CONTROL NUMBER
- control field: 33756
003 - CONTROL NUMBER IDENTIFIER
- control field: JO-AjAnu
005 - DATE AND TIME OF LATEST TRANSACTION
- control field: 20230606075648.0
008 - FIXED-LENGTH DATA ELEMENTS
- fixed length control field: 230606|| aca||aabn | a|a d
040 ## - CATALOGING SOURCE
- Original cataloging agency: JO-AjAnu
- Transcribing agency: JO-AjAnu
100 ## - HEADING--PERSONAL NAME
- Personal name: إعداد ، نخبة من المتخصصين والخبراء ، تقديم سرور ، أحمد فتحي
670 ## - SOURCE DATA FOUND
- Source citation: Work cat.: (JO-AjAnu)17339: إعداد ، نخبة من المتخصصين والخبراء ، تقديم سرور ، أحمد فتحي , author, القانون الدولي الإنساني : دليل للتطبيق على الصعيد الوطني